[Event "WYg18"]
[Site "Heraklio GRE"]
[Date "2002.11.19"]
[Round "6"]
[White "Zhao Xue"]
[Black "Pogonina,N"]
[Result "1/2-1/2"]
[WhiteElo "2367"]
[BlackElo "2397"]
[EventDate "2002.11.15"]

1. d4 Nf6 2. c4 c5 3. d5 b5 4. cxb5 a6 5. bxa6 g6 6. b3 Bg7 7. Bb2 Nxa6 8.
e4 Bb7 9. f3 O-O 10. Nc3 e6 11. d6 Nxe4 12. fxe4 Qh4+ 13. Ke2 Nb4 14. Qe1
Qg4+ 15. Nf3 Nc2 16. Qg3 Qxg3 17. hxg3 Nxa1 18. Bxa1 Bxe4 19. a4 Bc2 20.
Nd2 Rfb8 21. Kf3 Bxb3 22. Bb5 Bd5+ 23. Nxd5 exd5 24. Bxg7 Kxg7 25. Rc1 c4
26. Ke3 Rb6 27. Kd4 Rxd6 28. Ke5 Re6+ 29. Kxd5 Re3 30. Nxc4 Rxg3 31. Nb6
Re8 32. Rc2 Re1 33. Kd6 Ra1 34. Nxd7 h5 35. Ne5 Rg5 36. Nc6 Rg1 37. Kc7
R1xg2 38. Rxg2 Rxg2 39. a5 Ra2 40. Kb6 h4 41. a6 h3 42. Na5 h2 43. Bc6 Rb2+
44. Kc5 Ra2 45. Kb4 Rb2+ 46. Nb3 Ra2 47. Na5 Rb2+ 48. Kc5 Ra2 49. Kb4 Rb2+
50. Kc5 Ra2 1/2-1/2

[Event "WYg18"]
[Site "Heraklio GRE"]
[Date "2002.11.19"]
[Round "6"]
[White "Ciobanu,C"]
[Black "Tsereteli,T"]
[Result "0-1"]
[WhiteElo "2214"]
[BlackElo "2316"]
[EventDate "2002.11.15"]

1. e4 c5 2. Nf3 Nc6 3. d4 cxd4 4. Nxd4 Nf6 5. Nc3 e6 6. Nxc6 bxc6 7. e5 Nd5
8. Ne4 Qc7 9. f4 Qb6 10. Bd3 Ba6 11. a3 Be7 12. c4 f5 13. cxd5 Bxd3 14.
Nd6+ Bxd6 15. Qxd3 Bc5 16. d6 a5 17. Rb1 Kf7 18. Ke2 Rhb8 19. b3 Rb7 20.
Rd1 Rab8 21. Qh3 Bg1 22. Rd3 Qf2+ 23. Kd1 c5 24. Rd2 Qf1+ 25. Kc2 a4 26.
Qh5+ Kf8 27. b4 cxb4 28. axb4 Rxb4 29. Rb2 Rc8+ 0-1

[Event "WYg18"]
[Site "Heraklio GRE"]
[Date "2002.11.19"]
[Round "6"]
[White "Bashkite,V"]
[Black "Rohonyan,K"]
[Result "0-1"]
[WhiteElo "2138"]
[BlackElo "2320"]
[EventDate "2002.11.15"]

1. Nf3 c5 2. g3 Nc6 3. Bg2 g6 4. c3 Bg7 5. d4 cxd4 6. cxd4 Qb6 7. e3 Qa6 8.
Qe2 Qxe2+ 9. Kxe2 b6 10. a3 Ba6+ 11. Kd1 Nf6 12. Bd2 Rc8 13. Nc3 Na5 14. b4
Nc4 15. b5 Bb7 16. Ne1 Bxg2 17. Nxg2 O-O 18. Nf4 e5 19. dxe5 Ng4 20. Be1
Bxe5 21. Nfd5 Rfe8 22. Ra2 Rc5 23. a4 f5 24. h3 Nf6 25. Nxf6+ Bxf6 26. Nb1
Nb2+ 27. Ke2 Rc1 28. Nd2 d5 29. Nf3 Rb1 30. Nd2 Rc1 31. Nb3 Rc7 32. Kf3 Re4
33. a5 Nd3 34. axb6 axb6 35. Ra8+ Kf7 36. Bd2 Ne5+ 37. Ke2 Nc4 38. Rb1 d4
39. Rc1 dxe3 40. Bxe3 Rce7 41. Nd2 Nxe3 42. Nxe4 Nd5 43. Rcc8 fxe4 44. h4
Nc3+ 45. Ke3 Nxb5 46. Ra4 Nd6 47. Rb8 b5 48. Rb4 Nf5+ 49. Ke2 Nd4+ 0-1

[Event "WYg18"]
[Site "Heraklio GRE"]
[Date "2002.11.19"]
[Round "6"]
[White "Vozovic,O"]
[Black "Srebrnic,A"]
[Result "1/2-1/2"]
[WhiteElo "2302"]
[BlackElo "2241"]
[EventDate "2002.11.15"]

1. e4 e5 2. Nf3 Nf6 3. Nxe5 d6 4. Nf3 Nxe4 5. d4 d5 6. Bd3 Be7 7. O-O Nc6
8. c4 Nb4 9. Be2 O-O 10. Nc3 Bf5 11. a3 Nxc3 12. bxc3 Nc6 13. Bf4 dxc4 14.
Bxc4 Bf6 15. Re1 Na5 16. Bd3 Bxd3 17. Qxd3 c5 18. Rab1 b6 19. Be5 cxd4 20.
cxd4 Re8 21. Qf5 Re6 22. h3 Qd5 23. Qg4 Nc6 24. Bxf6 Rxf6 25. Re4 Rd6 26.
Rf4 Rg6 27. Qh4 Re8 28. Kh2 Qd6 29. Ng5 h6 30. Nxf7 Qd5 31. Rg1 Rf8 32. Ne5
Nxe5 33. Rxf8+ Kxf8 34. dxe5 Qxe5+ 35. f4 Qd4 36. Rf1 Rf6 37. Qg4 Qc5 38.
Rf3 Qf5 39. Qh4 Qe4 40. Qg4 Qf5 41. Qh4 Qe4 42. Qf2 Kg8 43. Qd2 Kh7 44. Qf2
a6 45. Qg3 b5 46. Qg4 a5 47. Qg3 b4 48. axb4 axb4 49. Qf2 Qc4 50. Qg3 Rg6
51. Qf2 Rf6 52. Qe3 b3 53. Qxb3 Qxb3 54. Rxb3 Rxf4 55. g4 g5 56. Kg3 Ra4
57. Rf3 Kg6 58. Rb3 1/2-1/2

[Event "WYg18"]
[Site "Heraklio GRE"]
[Date "2002.11.19"]
[Round "6"]
[White "Drljevic,L"]
[Black "Khasanova,E"]
[Result "1-0"]
[WhiteElo "2139"]
[BlackElo "2033"]
[EventDate "2002.11.15"]

1. e4 c5 2. d3 Nc6 3. g3 g6 4. Bg2 Bg7 5. Nf3 e5 6. c3 Nge7 7. O-O O-O 8.
a3 d6 9. b4 h6 10. Re1 Be6 11. Nbd2 Qd7 12. Nc4 b6 13. b5 Nd8 14. Rb1 Rb8
15. a4 f5 16. Qe2 g5 17. exf5 Bxf5 18. Bb2 Ng6 19. Rbd1 Nf7 20. Ne3 Be6 21.
d4 e4 22. Nd2 cxd4 23. cxd4 d5 24. f3 exf3 25. Nxf3 Rbe8 26. Qd3 Ne7 27.
Ne5 Qb7 28. Ba3 Rc8 29. Bxe7 Nxe5 30. dxe5 Qxe7 31. Nxd5 Bxd5 32. Bxd5+ Kh8
33. Qg6 Qe8 34. Qxe8 Rfxe8 35. e6 Rc2 36. Bc6 1-0

[Event "WYg18"]
[Site "Heraklio GRE"]
[Date "2002.11.19"]
[Round "6"]
[White "Khukhashvili,S"]
[Black "Khoo,T"]
[Result "1-0"]
[WhiteElo "2324"]
[BlackElo "2135"]
[EventDate "2002.11.15"]

1. e4 c5 2. Nf3 Nc6 3. d4 cxd4 4. Nxd4 Nf6 5. Nc3 e5 6. Ndb5 d6 7. Bg5 a6
8. Na3 b5 9. Nd5 Be7 10. Bxf6 Bxf6 11. c3 O-O 12. Nc2 Rb8 13. Be2 Bg5 14.
O-O Be6 15. a4 Qd7 16. axb5 axb5 17. Ncb4 Nxb4 18. Nxb4 Rfd8 19. Ra6 Rbc8
20. Rb6 Rb8 21. Bxb5 Rxb6 22. Bxd7 Bxd7 23. Qa1 Rdb8 24. h3 h6 25. Kh2 Bb5
26. Rd1 Bc4 27. g3 h5 28. h4 Bh6 29. Kg2 Kh7 30. Qa4 g6 31. Ra1 Bf8 32. Qd1
Kg7 33. Ra7 Be6 34. Qf3 R8b7 35. Rxb7 Rxb7 36. Qe2 Rb6 37. Nd5 Rb3 38. Qc2
1-0

[Event "WYg18"]
[Site "Heraklio GRE"]
[Date "2002.11.19"]
[Round "6"]
[White "Meshcheriakova,E"]
[Black "Reyes Jara,Pau"]
[Result "1-0"]
[WhiteElo "2288"]
[BlackElo "2181"]
[EventDate "2002.11.15"]

1. e4 e5 2. Nf3 Nc6 3. Bb5 a6 4. Ba4 Nf6 5. d3 b5 6. Bb3 Be7 7. Nbd2 O-O 8.
O-O d6 9. c3 Na5 10. Bc2 c5 11. Re1 Qc7 12. Nf1 Be6 13. Ng3 Nd7 14. Ng5
Bxg5 15. Bxg5 f6 16. Bd2 Nc6 17. Qh5 Ne7 18. Nf5 Nxf5 19. exf5 Bf7 20. Qg4
Kh8 21. Re3 g5 22. fxg6 Bxg6 23. Rh3 Rg8 24. Bb3 f5 25. Qh4 Rgb8 26. Bd5
Ra7 27. Bg5 Qc8 28. Be7 Rb6 29. Bf7 1-0

[Event "WYg18"]
[Site "Heraklio GRE"]
[Date "2002.11.19"]
[Round "6"]
[White "Shtereva,S"]
[Black "Vasilevich,I"]
[Result "1/2-1/2"]
[WhiteElo "2077"]
[BlackElo "2251"]
[EventDate "2002.11.15"]

1. e4 c5 2. c4 Nc6 3. Nc3 g6 4. g3 Bg7 5. Bg2 d6 6. d3 e6 7. Nge2 Nge7 8.
O-O O-O 9. Rb1 b6 10. Be3 e5 11. f4 Be6 12. f5 gxf5 13. exf5 Nxf5 14. Rxf5
Bxf5 15. Bxc6 Rc8 16. Be4 Bg4 17. Qd2 f5 18. Bg2 Kh8 19. Nd5 Rf7 20. Nec3
Qf8 21. Rf1 Rd8 22. Bf3 Bh3 23. Bh5 Bxf1 24. Bxf7 Qxf7 25. Kxf1 Qh5 26. Qe2
Qh3+ 27. Qg2 Qh5 28. Nc7 Rg8 29. Qe2 Qh3+ 30. Ke1 f4 31. Bg1 fxg3 32. hxg3
Qxg3+ 33. Bf2 Qh3 34. Ne4 Bf8 35. Nb5 Qh1+ 36. Qf1 Qh6 37. Kd1 a6 38. Nbc3
Qe6 39. b3 Bh6 40. Qe2 b5 41. Bh4 Rg1+ 42. Kc2 Qg6 43. Qf3 Rg2+ 44. Kb1
Rg1+ 45. Kc2 Rg2+ 46. Kb1 Rg1+ 1/2-1/2

[Event "WYg18"]
[Site "Heraklio GRE"]
[Date "2002.11.21"]
[Round "7"]
[White "Tsereteli,T"]
[Black "Zhao Xue"]
[Result "1-0"]
[WhiteElo "2316"]
[BlackElo "2367"]
[EventDate "2002.11.15"]

1. e4 c5 2. Nf3 d6 3. d4 cxd4 4. Nxd4 Nf6 5. Nc3 a6 6. h3 b5 7. Nd5 Bb7 8.
Nxf6+ gxf6 9. c4 b4 10. Be2 Rg8 11. Bf3 Nd7 12. Qa4 e6 13. O-O Qc7 14. Bd2
Bg7 15. Bxb4 f5 16. Rfd1 O-O-O 17. Ba5 Qc5 18. b4 Nb6 19. bxc5 Nxa4 20. c6
Ba8 21. Bxd8 fxe4 22. c7 Bxd4 23. Rxd4 exf3 24. Rb1 Rxg2+ 25. Kh1 Bb7 26.
Rxb7 Kxb7 27. c5 dxc5 28. Rxa4 Rxf2 29. Rxa6 Rb2 30. Ra8 1-0

[Event "WYg18"]
[Site "Heraklio GRE"]
[Date "2002.11.21"]
[Round "7"]
[White "Srebrnic,A"]
[Black "Khukhashvili,S"]
[Result "0-1"]
[WhiteElo "2241"]
[BlackElo "2324"]
[EventDate "2002.11.15"]

1. Nf3 Nf6 2. c4 e6 3. Nc3 b6 4. g3 Bb7 5. Bg2 Bb4 6. Qc2 O-O 7. O-O Bxc3
8. Qxc3 d6 9. d3 h6 10. b3 a5 11. Bb2 Qe7 12. Ne1 Bxg2 13. Nxg2 c5 14. f4
Nc6 15. e3 Rfd8 16. Rae1 d5 17. f5 e5 18. Nh4 dxc4 19. dxc4 Qb7 20. Rd1 Ne4
21. Qc2 Nb4 22. Qe2 Ng5 23. Ng2 f6 24. a3 Nc6 25. Qc2 Ne7 26. h4 Ne4 27.
Kh2 Rac8 28. h5 Rxd1 29. Qxd1 Qa8 30. Qc2 Rd8 31. Bc1 Ng5 32. Nh4 Qe4 33.
Qxe4 Nxe4 34. Kg2 Rd3 35. Kf3 Nd6 36. Ke2 Rxb3 37. Rd1 Nec8 38. Kd2 Kf7 39.
Kc2 a4 40. Rd3 Rxd3 41. Kxd3 e4+ 42. Kc3 Ne7 43. g4 Nc6 44. Ng6 Na5 45. Nf4
Naxc4 46. Nd5 Ke8 47. Bd2 Kd7 48. Be1 Kc6 49. Ne7+ Kb5 50. Bg3 Ne8 51. Bf4
Nxa3 52. Ng8 Nc4 53. Nxh6 gxh6 54. Bxh6 Ne5 55. g5 Nf7 56. Bf8 fxg5 57. h6
g4 0-1

[Event "WYg18"]
[Site "Heraklio GRE"]
[Date "2002.11.21"]
[Round "7"]
[White "Vozovic,O"]
[Black "Ciobanu,C"]
[Result "1-0"]
[WhiteElo "2302"]
[BlackElo "2214"]
[EventDate "2002.11.15"]

1. e4 c5 2. Nf3 Nc6 3. d4 cxd4 4. Nxd4 Nf6 5. Nc3 d6 6. g3 e5 7. Nde2 Be7
8. Bg2 h5 9. h3 h4 10. g4 Nh7 11. Nd5 Bg5 12. Qd3 O-O 13. c3 Rb8 14. O-O b5
15. b4 Be6 16. a4 a6 17. axb5 axb5 18. Ra6 Qc8 19. Rxc6 Qxc6 20. Bxg5 Qb7
21. Bxh4 g5 22. Bg3 Ra8 23. Rd1 f6 24. Bf1 Ra3 25. f3 Rf7 26. Bf2 Nf8 27.
Nb6 Ra6 28. Nd5 Ra3 29. h4 Kg7 30. Qe3 gxh4 31. Bxh4 Ng6 32. Bf2 Ra6 33.
Ng3 Bxd5 34. Nh5+ Kh7 35. Rxd5 Ra1 36. Rxd6 Qe7 37. Qb6 1-0

[Event "WYg18"]
[Site "Heraklio GRE"]
[Date "2002.11.21"]
[Round "7"]
[White "Partac,E"]
[Black "Meshcheriakova,E"]
[Result "1/2-1/2"]
[WhiteElo "2205"]
[BlackElo "2288"]
[EventDate "2002.11.15"]

1. e4 c5 2. Nc3 Nc6 3. g3 g6 4. Bg2 Bg7 5. d3 d6 6. Be3 Nd4 7. Nh3 b5 8. e5
b4 9. Bxd4 Bxh3 10. Bxh3 cxd4 11. Nd5 Bxe5 12. Nxb4 Qb6 13. Qd2 e6 14. Bg2
Rc8 15. a4 a5 16. Na2 Ne7 17. O-O d5 18. b4 axb4 19. Nxb4 Qa5 20. Rfd1 Rc5
21. Qe2 Bd6 22. Rdb1 Rc8 23. Na2 Qxa4 24. Nc3 Qc6 25. Nb5 O-O 26. Nxd4
1/2-1/2

[Event "WYg18"]
[Site "Heraklio GRE"]
[Date "2002.11.21"]
[Round "7"]
[White "Shukurova,M"]
[Black "Kopinits,A"]
[Result "1/2-1/2"]
[WhiteElo "2243"]
[BlackElo "2125"]
[EventDate "2002.11.15"]

1. e4 Nf6 2. e5 Nd5 3. d4 d6 4. c4 Nb6 5. exd6 cxd6 6. Nc3 g6 7. Be3 Bg7 8.
Rc1 O-O 9. b3 Bf5 10. Nf3 d5 11. c5 Nc8 12. Be2 Bg4 13. O-O Nc6 14. Qd2
Bxf3 15. Bxf3 e6 16. Ne2 N8e7 17. Bh6 Bxh6 18. Qxh6 Nf5 19. Qd2 Qf6 20.
Rfd1 a5 21. a3 h5 22. Rc3 Rfd8 23. Kh1 Kg7 24. g3 Kh7 1/2-1/2

[Event "WYg18"]
[Site "Heraklio GRE"]
[Date "2002.11.21"]
[Round "7"]
[White "Berzina,I"]
[Black "Drljevic,L"]
[Result "1-0"]
[WhiteElo "2243"]
[BlackElo "2139"]
[EventDate "2002.11.15"]

1. e4 d6 2. d4 Nf6 3. Nc3 g6 4. f4 Bg7 5. Nf3 O-O 6. Bd3 Na6 7. O-O c5 8.
d5 Nc7 9. Qe1 e6 10. dxe6 fxe6 11. e5 dxe5 12. fxe5 Ng4 13. Bg5 Qd7 14. Rd1
Qc6 15. Qg3 c4 16. Qxg4 cxd3 17. cxd3 Qb6+ 18. Kh1 Qxb2 19. Ne4 Nd5 20. Qh4
Bd7 21. Rb1 Qe2 22. Rfe1 Qxd3 23. Nc5 Qa3 24. Nxd7 Rxf3 25. gxf3 Qxf3+ 26.
Kg1 Nc3 27. Rb2 Rc8 28. Rf2 Qd3 29. Nf6+ 1-0

[Event "WYg18"]
[Site "Heraklio GRE"]
[Date "2002.11.21"]
[Round "7"]
[White "Papp,Ju"]
[Black "Stiri,A"]
[Result "1-0"]
[WhiteElo "2138"]
[BlackElo "2170"]
[EventDate "2002.11.15"]

1. e4 c5 2. Nf3 e6 3. d4 cxd4 4. Nxd4 a6 5. Bd3 Bc5 6. Nb3 Be7 7. O-O d6 8.
f4 b5 9. a4 bxa4 10. Rxa4 Bd7 11. Ra1 Qb6+ 12. Kh1 Nc6 13. Qe2 Nb4 14. Be3
Qb7 15. Nc3 Nxd3 16. Qxd3 Nf6 17. Na5 Qc7 18. Nc4 Bc6 19. Nb6 Rd8 20. Rxa6
Qb7 21. Rfa1 Bxe4 22. Nxe4 Qxe4 23. Qb5+ Kf8 24. Bg1 Qxf4 25. Ra8 g6 26.
Nc8 Kg7 27. R8a4 Qxa4 28. Rxa4 Rxc8 29. Ra7 Rhe8 30. c4 Ne4 31. b4 Rb8 32.
Qa4 Bf6 33. b5 d5 34. cxd5 Nc3 35. Qf4 exd5 36. Qc7 Re7 37. Qxb8 Re1 38.
Qc7 Ne2 39. Qxf7+ Kh6 40. Qxh7+ Kg5 41. h4+ Kg4 42. Qxg6+ 1-0

[Event "WYg18"]
[Site "Heraklio GRE"]
[Date "2002.11.21"]
[Round "8"]
[White "Khukhashvili,S"]
[Black "Tsereteli,T"]
[Result "0-1"]
[WhiteElo "2324"]
[BlackElo "2316"]
[EventDate "2002.11.15"]

1. e4 c5 2. Nf3 Nc6 3. d4 cxd4 4. Nxd4 Nf6 5. Nc3 e5 6. Ndb5 d6 7. a4 a6 8.
Na3 Be6 9. Bc4 Be7 10. O-O O-O 11. Be3 Rc8 12. b3 Na5 13. Qd3 Nxc4 14. bxc4
Qc7 15. Nd5 Bxd5 16. cxd5 Nd7 17. Rab1 g6 18. Qb3 Nc5 19. Qc4 Qd7 20. Qb4
Nxa4 21. Qxb7 Rc7 22. Qb4 Rfc8 23. Rb3 Nc5 24. Bxc5 Rxc5 25. h3 Bg5 26.
Rfb1 a5 27. Qb7 R5c7 28. Qa6 Bd2 29. Nb5 Rxc2 30. Nxd6 Rc1+ 31. Kh2 R8c2
32. Qa8+ Kg7 33. Nf5+ Qxf5 34. exf5 Bf4+ 35. Rg3 Rxb1 36. fxg6 hxg6 37. h4
Rxf2 38. Qa7 Rb3 0-1

[Event "WYg18"]
[Site "Heraklio GRE"]
[Date "2002.11.21"]
[Round "8"]
[White "Paehtz,E"]
[Black "Vozovic,O"]
[Result "1-0"]
[WhiteElo "2349"]
[BlackElo "2302"]
[EventDate "2002.11.15"]

1. e4 d6 2. d4 Nf6 3. Nc3 g6 4. Be3 c6 5. Qd2 b5 6. Bd3 Nbd7 7. Nf3 e5 8.
O-O Bg7 9. Bh6 O-O 10. Bxg7 Kxg7 11. a4 exd4 12. Nxd4 b4 13. Nd1 c5 14. Ne2
Bb7 15. Ng3 Re8 16. Ne3 Qe7 17. f3 Rad8 18. Bb5 a6 19. Bxd7 Rxd7 20. c4
bxc3 21. Qxc3 Qd8 22. a5 Kg8 23. Nc4 Qe7 24. Rfe1 Red8 25. e5 Ne8 26. exd6
Qf8 27. Rac1 Nxd6 28. Ne5 Rc7 29. Ng4 Nb5 30. Qe5 Qg7 31. Nf6+ Kh8 32. Rcd1
Rf8 33. h4 Rc6 34. Nge4 c4 35. Nd6 Nxd6 36. Rxd6 Rfc8 37. Red1 Rxd6 38.
Rxd6 Qf8 39. h5 Qh6 40. Rd4 c3 41. bxc3 1-0

[Event "WYg18"]
[Site "Heraklio GRE"]
[Date "2002.11.21"]
[Round "8"]
[White "Pogonina,N"]
[Black "Berzina,I"]
[Result "0-1"]
[WhiteElo "2397"]
[BlackElo "2243"]
[EventDate "2002.11.15"]

1. e4 c6 2. d4 d5 3. Nc3 dxe4 4. Nxe4 Nd7 5. Bd3 Ngf6 6. Ng5 e6 7. Qe2 Bd6
8. N1f3 h6 9. Ne4 Nxe4 10. Qxe4 Nf6 11. Qe2 b6 12. Bd2 Bb7 13. Ne5 Qc7 14.
f4 O-O-O 15. O-O-O c5 16. dxc5 Bxc5 17. Kb1 Nd5 18. a3 g5 19. fxg5 hxg5 20.
Ba6 Bxa6 21. Qxa6+ Kb8 22. Nd3 Be7 23. g3 Qb7 24. Qa4 f6 25. Qg4 e5 26. Qe2
e4 27. Nb4 Bxb4 28. Bxb4 f5 29. c4 Nxb4 30. axb4 f4 31. Qg4 e3 32. Qe6 Rde8
33. Qd6+ Qc7 34. Qd5 e2 35. Rde1 Rhf8 36. gxf4 gxf4 37. Qf3 Qxc4 38. Ka1
Qe4 39. Qf2 f3 40. h4 Qe3 41. Qg3+ Ka8 42. Qc7 Qd4 0-1

[Event "WYg18"]
[Site "Heraklio GRE"]
[Date "2002.11.21"]
[Round "8"]
[White "Zhao Xue"]
[Black "Partac,E"]
[Result "1-0"]
[WhiteElo "2367"]
[BlackElo "2205"]
[EventDate "2002.11.15"]

1. d4 Nf6 2. c4 e6 3. g3 Bb4+ 4. Bd2 Qe7 5. Bg2 Nc6 6. e3 Bxd2+ 7. Qxd2 d6
8. Nc3 O-O 9. Nge2 e5 10. d5 Nb8 11. O-O a5 12. b3 Na6 13. a3 Nc5 14. Qc2
e4 15. Nd4 Bg4 16. b4 axb4 17. axb4 Nd3 18. Rab1 Bh5 19. Nxe4 Nxe4 20. Nf5
Qe5 21. Qxd3 Nc3 22. Rb3 Be2 23. Qxc3 Qxf5 24. Re1 Ra2 25. e4 Qg5 26. c5
Qe7 27. Ra3 Rxa3 28. Qxa3 Bc4 29. Qc3 Bb5 30. e5 dxe5 31. Rxe5 Qf6 32. Re3
Qxc3 33. Rxc3 Rd8 34. Ra3 Kf8 35. Ra7 Rb8 36. f4 Ke7 37. Kf2 Kd8 38. Ke3
Bd7 39. Kd4 Ke7 40. c6 bxc6 41. dxc6 Bc8 42. Rxc7+ Kd6 43. Rxf7 Rxb4+ 44.
Kc3 Rb3+ 45. Kxb3 Be6+ 46. Kb4 Bxf7 47. Kb5 Kc7 48. Kc5 Be6 49. Be4 g6 50.
h4 Bg4 51. Kd5 1-0

[Event "WYg18"]
[Site "Heraklio GRE"]
[Date "2002.11.21"]
[Round "8"]
[White "Machalova,M"]
[Black "Srebrnic,A"]
[Result "1-0"]
[WhiteElo "2124"]
[BlackElo "2241"]
[EventDate "2002.11.15"]

1. c4 e5 2. Nc3 g6 3. g3 Bg7 4. Bg2 d6 5. d3 f5 6. e3 Nf6 7. Nge2 O-O 8.
O-O Nc6 9. Rb1 Nh5 10. Nd5 Ne7 11. b4 g5 12. f4 c6 13. Nxe7+ Qxe7 14. b5
Bd7 15. Qd2 Bf6 16. Ba3 Rae8 17. Rfe1 Ng7 18. d4 gxf4 19. gxf4 Bh4 20. Ng3
exf4 21. exf4 Qf6 22. Rxe8 Rxe8 23. bxc6 Bxc6 24. d5 Ba4 25. Rxb7 Qa1+ 26.
Bc1 Bf6 27. Nf1 Bd4+ 28. Kh1 Nh5 29. c5 Bc3 30. Qd3 Qxc1 31. Qxf5 Ng7 32.
Qf7+ Kh8 33. c6 Bd4 34. c7 Qc2 35. Rb8 h6 36. Rxe8+ Bxe8 37. Qf8+ Kh7 38.
c8=Q Qg6 39. Qh3 Bf7 40. Qg3 Qf5 41. Qe7 Bxd5 42. Bxd5 Qxd5+ 43. Qg2 1-0

[Event "WYg18"]
[Site "Heraklio GRE"]
[Date "2002.11.22"]
[Round "9"]
[White "Rohonyan,K"]
[Black "Zhao Xue"]
[Result "0-1"]
[WhiteElo "2320"]
[BlackElo "2367"]
[EventDate "2002.11.15"]

1. e4 c5 2. Nf3 d6 3. d4 cxd4 4. Nxd4 Nf6 5. Nc3 a6 6. Bg5 e6 7. f4 Qb6 8.
a3 Nbd7 9. Be2 Be7 10. Qd2 Qc7 11. O-O-O b6 12. Bf3 Bb7 13. Rhe1 h6 14.
Bxf6 Nxf6 15. e5 dxe5 16. fxe5 Nd7 17. Kb1 Nc5 18. Bxb7 Qxb7 19. Nf3 b5 20.
Qf4 O-O 21. Ne4 b4 22. axb4 Rfb8 23. Rd4 a5 24. Nf6+ Bxf6 25. exf6 axb4 26.
fxg7 b3 27. c3 Qa6 28. Kc1 Nd3+ 0-1

[Event "WYg18"]
[Site "Heraklio GRE"]
[Date "2002.11.22"]
[Round "9"]
[White "Shukurova,M"]
[Black "Meshcheriakova,E"]
[Result "1/2-1/2"]
[WhiteElo "2243"]
[BlackElo "2288"]
[EventDate "2002.11.15"]

1. e4 c5 2. Nf3 d6 3. c3 Nf6 4. Bd3 g6 5. O-O Bg7 6. Bc2 Nc6 7. d3 O-O 8.
Re1 Qc7 9. Nbd2 e5 10. Nf1 h6 11. h3 Be6 12. Be3 b6 13. Qd2 Kh7 14. d4 exd4
15. cxd4 d5 16. Bf4 Qb7 17. Ng3 dxe4 18. Nxe4 Nxd4 19. Nxd4 cxd4 20. Bxh6
Nxe4 21. Rxe4 Bf6 22. Bg5 Qe7 23. Rh4+ Kg8 24. Bxf6 Qxf6 25. Rxd4 Rfd8 26.
Rd1 Rxd4 27. Qxd4 Qxd4 28. Rxd4 Bxa2 29. Be4 Re8 30. Ra4 Bb3 31. Rb4 Bd1
32. Rd4 Bb3 1/2-1/2

[Event "WYg18"]
[Site "Heraklio GRE"]
[Date "2002.11.22"]
[Round "9"]
[White "Vasilevich,I"]
[Black "Khukhashvili,S"]
[Result "0-1"]
[WhiteElo "2251"]
[BlackElo "2324"]
[EventDate "2002.11.15"]

1. e4 c5 2. Nf3 d6 3. d4 cxd4 4. Nxd4 Nf6 5. Nc3 Nc6 6. Bc4 e6 7. Be3 a6 8.
Bb3 Qc7 9. Qe2 b5 10. f3 Na5 11. g4 Nxb3 12. axb3 Bb7 13. g5 Nd7 14. Rg1 b4
15. Na4 Nc5 16. Qd2 d5 17. exd5 Bxd5 18. h4 Nxa4 19. Rxa4 Qb7 20. Qe2 Be7
21. Kf2 g6 22. Rga1 e5 23. Rxa6 Rxa6 24. Rxa6 O-O 25. Nf5 gxf5 26. Ra7 Qb8
27. Rxe7 Qd6 28. Qb5 Qxe7 29. Qxd5 Rc8 30. Qd3 Qc7 0-1

[Event "WYg18"]
[Site "Heraklio GRE"]
[Date "2002.11.22"]
[Round "9"]
[White "Vozovic,O"]
[Black "Shtereva,S"]
[Result "1/2-1/2"]
[WhiteElo "2302"]
[BlackElo "2077"]
[EventDate "2002.11.15"]

1. e4 c5 2. Nf3 e6 3. b3 b6 4. Bb2 Bb7 5. Nc3 d6 6. d4 cxd4 7. Nxd4 a6 8.
Bd3 Nf6 9. Qe2 Nbd7 10. O-O Be7 11. f4 Qc7 12. Kh1 O-O 13. Rad1 e5 14. fxe5
Nxe5 15. Nf5 Rfe8 16. Qe3 Bf8 17. Qg3 Kh8 18. Ne3 b5 19. a3 Rad8 20. Rxf6
gxf6 21. Ncd5 Bxd5 22. Nxd5 Qc8 23. Nxf6 Bg7 24. Nxe8 Rxe8 25. Rf1 Rg8 26.
Rf5 Qe6 27. Rg5 h6 28. Rh5 Qg6 29. Qxg6 fxg6 30. Rh3 Kh7 31. Be2 Ng4 32.
Bxg4 Bxb2 33. a4 bxa4 34. bxa4 Rf8 35. Be2 Rc8 36. Bd3 a5 37. Rf3 Kg7 38.
Rf1 Bc3 39. Rb1 Bb4 40. h3 Rc3 41. Rf1 Rc7 42. Kh2 Rf7 43. Rc1 Bc3 44. Bc4
Rb7 45. Bb5 Re7 46. Bd3 Rb7 47. Bb5 Re7 48. Bd3 Rb7 49. Bb5 1/2-1/2

[Event "WYg18"]
[Site "Heraklio GRE"]
[Date "2002.11.22"]
[Round "9"]
[White "Charbonneau,A"]
[Black "Machalova,M"]
[Result "0-1"]
[WhiteElo "2063"]
[BlackElo "2124"]
[EventDate "2002.11.15"]

1. d4 Nf6 2. c4 e6 3. Nc3 Bb4 4. Qc2 c5 5. dxc5 Nc6 6. Nf3 O-O 7. a3 Bxc5
8. Bg5 Nd4 9. Nxd4 Bxd4 10. e3 Qa5 11. exd4 Qxg5 12. Qd2 Qg6 13. Bd3 Qxg2
14. O-O-O d5 15. Rdg1 Qf3 16. h4 Kh8 17. Rh2 dxc4 18. Be2 Qf5 19. Rg5 Ne4
20. Nxe4 Qxe4 21. Rhg2 e5 22. f3 Qxd4 23. Rxg7 Qxd2+ 24. Kxd2 Be6 25. Ke3
Rg8 26. Rxg8+ Rxg8 27. Rxg8+ Kxg8 28. Bd1 Kg7 29. Bc2 h6 30. f4 Kf6 31. Kf3
Bf5 32. Ba4 a6 33. Bd1 b5 34. Be2 Bd3 35. Bd1 a5 36. fxe5+ Kxe5 37. Ke3 f5
38. b3 f4+ 39. Kd2 Kd4 40. a4 c3+ 41. Kc1 b4 0-1

[Event "WYg18"]
[Site "Heraklio GRE"]
[Date "2002.11.22"]
[Round "9"]
[White "Igla,B"]
[Black "Pogonina,N"]
[Result "0-1"]
[WhiteElo "2160"]
[BlackElo "2397"]
[EventDate "2002.11.15"]

1. d4 Nf6 2. c4 c5 3. d5 b5 4. cxb5 a6 5. bxa6 g6 6. Nc3 Bxa6 7. e4 Bxf1 8.
Kxf1 d6 9. Nf3 Bg7 10. h3 O-O 11. Kg1 Na6 12. Kh2 Qb6 13. Qe2 Rfb8 14. Rd1
Nd7 15. a4 Nc7 16. Nd2 Qb4 17. Ra3 Nb6 18. Rb3 Qa5 19. Nc4 Nxc4 20. Rxb8+
Rxb8 21. Qxc4 Rb4 22. Qd3 Na6 23. f4 c4 24. Qe2 Nc5 25. Nb5 Qxa4 26. Na3
Qb3 27. e5 dxe5 28. fxe5 c3 29. bxc3 Re4 30. Qc2 Bxe5+ 31. Kh1 Qxc2 32.
Nxc2 Rc4 33. Ne3 Rxc3 34. Ng4 Bd6 35. Bb2 Rb3 36. Bd4 Ne4 37. Kg1 Ng3 38.
Kf2 Nf5 39. Be3 Nxe3 40. Nxe3 Bc5 0-1

[Event "WYg18"]
[Site "Heraklio GRE"]
[Date "2002.11.22"]
[Round "9"]
[White "Kopinits,A"]
[Black "Stiri,A"]
[Result "0-1"]
[WhiteElo "2125"]
[BlackElo "2170"]
[EventDate "2002.11.15"]

1. e4 c5 2. Nf3 e6 3. d4 cxd4 4. Nxd4 a6 5. Bd3 Bc5 6. Nb3 Be7 7. Nc3 d6 8.
O-O Nf6 9. f4 Qc7 10. Qf3 Nbd7 11. Bd2 b6 12. Rae1 Bb7 13. Qh3 h5 14. e5
dxe5 15. fxe5 Ng4 16. Qg3 Ngxe5 17. Bf4 Bd6 18. Ne4 Bxe4 19. Rxe4 b5 20.
Rfe1 f6 21. Bxe5 Nxe5 22. Kh1 O-O-O 23. Nd4 Ng4 24. Qf3 Bc5 25. Rf4 Bxd4
26. Qa8+ Kd7 27. Qxa6 Qxf4 28. Bxb5+ Kc7 29. Qa5+ Kb8 0-1

[Event "WYg18"]
[Site "Heraklio GRE"]
[Date "2002.11.23"]
[Round "10"]
[White "Partac,E"]
[Black "Vozovic,O"]
[Result "1-0"]
[WhiteElo "2205"]
[BlackElo "2302"]
[EventDate "2002.11.15"]

1. e4 d6 2. d4 Nf6 3. Nc3 g6 4. g3 Bg7 5. Bg2 O-O 6. Nge2 Nbd7 7. O-O c5 8.
h3 Rb8 9. Be3 b6 10. Qd2 cxd4 11. Bxd4 Bb7 12. g4 Nc5 13. Ng3 Ba6 14. Rfe1
Qd7 15. Rad1 Rfd8 16. Nd5 e5 17. Nxf6+ Bxf6 18. Be3 Ne6 19. g5 Be7 20. Bf3
Rf8 21. Bg4 Qd8 22. h4 Bc8 23. f3 h6 24. gxh6 Bxh4 25. Kg2 Be7 26. Rh1 Kh7
27. c3 Rb7 28. Kg1 Nc7 29. Bxc8 Qxc8 30. Qf2 Rg8 31. f4 Ne6 32. Qf3 exf4
33. Bxf4 Nxf4 34. Qxf4 Qe6 35. Kg2 Qxa2 36. Rd2 Qe6 37. Rf1 Bf8 38. Rh1 Qe5
39. Qf3 Qe6 40. e5 Re7 41. exd6 Re8 42. Re2 Qd7 43. Rxe8 Qxe8 44. Ne4 Kh8
45. Qf6+ Kh7 46. Ng5+ 1-0

[Event "WYg18"]
[Site "Heraklio GRE"]
[Date "2002.11.23"]
[Round "10"]
[White "Shtereva,S"]
[Black "Pogonina,N"]
[Result "0-1"]
[WhiteElo "2077"]
[BlackElo "2397"]
[EventDate "2002.11.15"]

1. c4 c5 2. Nc3 Nc6 3. g3 g6 4. Bg2 Bg7 5. e4 d6 6. d3 h5 7. h4 Nf6 8. Nge2
O-O 9. O-O Bg4 10. f3 Bd7 11. Rb1 Rb8 12. a3 a5 13. Kh2 Ne8 14. Bh3 Bxh3
15. Kxh3 Nc7 16. a4 Nd4 17. Kg2 Qd7 18. Bd2 Nc6 19. Nf4 b6 20. Nfd5 Ne6 21.
Nf4 Ned4 22. Nce2 Nxe2 23. Nxe2 e6 24. Bc3 d5 25. Bxg7 Kxg7 26. exd5 exd5
27. Nf4 d4 28. Qd2 Ne7 29. b3 Nf5 30. Nd5 Rfe8 31. Rfe1 Re6 32. Rxe6 fxe6
33. Nf4 Qd6 34. Qe1 Ne3+ 35. Kf2 Rf8 36. Qe2 Qe5 37. Kg1 Qf5 38. Re1 Qe5
39. Kh2 g5 40. Ng2 gxh4 41. Nxh4 Qf6 42. f4 e5 43. f5 Qg5 44. Ng2 Ng4+ 45.
Kg1 Rxf5 46. Nh4 Rf2 47. Qe4 Qf6 48. Qb7+ Kh6 49. Ng2 Qg6 50. Qb8 Rf6 51.
Nh4 Qg7 52. Qc8 Qf7 53. Qa8 Ne3 54. Ng2 Rf1+ 55. Kh2 Ng4+ 56. Kh3 Rxe1 57.
Qh8+ Kg5 58. Qd8+ Qf6 59. Qxf6+ Kxf6 60. Nxe1 e4 61. Kh4 Nf2 62. dxe4 d3
63. e5+ Kxe5 64. Kxh5 Kd4 65. Nxd3 Kxd3 66. g4 Nxg4 67. Kxg4 Kc3 0-1